Quizzes
Events
Quiz Creation
Community
Videos
Private Events
Remove Ads
Sign In
Join for FREE
Feedback
Dark Mode
Quiz Categories
Sports
Geography
Music
Movies
Television
Just For Fun
Miscellaneous
History
Literature
Language
Science
Gaming
Entertainment
Religion
Holiday
For Kids
Quiz Lab
Recent
Popular Today
Quiz Kudos Today
Editor Picks
Curator Picks
Quizzes by...
Day
Popularity
Type
Ratings
Length
Year
Community
Subscriptions
Recent Discussions
Orange Saloon
Badges
Playlists
Quests
Create
Leaderboards
Showdown
Live 5
Trivia Bingo
Activity
Puzzle Library
Sporcle Events
Private Events
Virtual Trivia
Globe League
Become a Host
Pub Owners
SporcleCon
Opinionation
Our Games
Videos
Blog
Mobile Apps
Partnerships
Remove Ads and Go Orange
Feedback
Movies
Disney
Marvel Cinematic Universe
Movie Resume
Movie Titles
Oscar
Actor
Actress
Director
Pixar
Role
Movie Quotes
Movie Characters
Box Office
Nominee
Best Picture
Star Wars
James Bond
Horror Movies
Movies
Disney
Marvel Cinematic Universe
Movie Resume
Movie Titles
Oscar
Actor
Actress
Director
Pixar
Role
Movie Quotes
Movie Characters
Box Office
Nominee
Best Picture
Star Wars
James Bond
Horror Movies
Random Quiz
Search Sporcle
×
Quiz Lab
Quiz Lab
Movies
Movie Titles
Type in answers that appear in a list
Type in answers that appear in a list
Classic
Best Score? Go Orange.
2 Word Movie Titles Stats
Can you name the 2 Word Movie Titles?
By
edkool7
10m
30 Questions
189 Plays
189 Plays
189 Plays
Comments
Comments
Give Quiz Kudos
Give Quiz Kudos
-
- Ratings
hide this ad
More Info
Replay
Link that replays current quiz
Next Quiz
Link to next quiz in quiz playlist
You Got
0%
They Got
Avg Score
52%
Avg Friend Score
Upgrade to see
Score Distribution
Jump to the score distribution portion of the page
Score
0/30
Timer
10:00
0
Plays Today
Description
Movie
% Correct
When a boy learns that a beloved killer whale is to be killed by the aquarium owners, the boy risks everything to free the whale. (1993)
Free Willy
84.7%
A cowboy toy is profoundly threatened and jealous when a fancy spaceman toy supplants him as top toy in a boy's room. (1995)
Toy Story
84.1%
A highschooler discovers that he is a werewolf. (1985)
Teen Wolf
79.4%
A miserable conman and his partner pose as Santa and his Little Helper to rob department stores on Christmas Eve. (2003)
Bad Santa
77.8%
A woman and her teenage daughter become imprisoned in a safe room in their own house by 3 criminals. (2002)
Panic Room
76.2%
A sports agent is fired for expressing a moral epiphany, and decides to put his new philosophy to the test as an independent with only one client and one employee. (1996)
Jerry Maguire
73.5%
A young and impatient stockbroker is willing to do anything to get to the top, including trading on illegal inside information. (1987)
Wall Street
73%
A young girl's 'sweet sixteenth' birthday becomes anything but special as she suffers from every embarrassment possible. (1984)
Sixteen Candles
71.4%
A disgruntled Korean War vet sets out to reform his oriental teenage neighbor, who tried to steal his car as a gang initiation. (2008)
Gran Torino
68.8%
Four friends take off on an 1800 mile road trip to retrieve an illicit tape mistakenly mailed to a girlfriend. (2000)
Road Trip
65.6%
The population of a small, isolated countryside village believe that their alliance with the mysterious creatures that inhabit the forest around them is coming to an end. (2004)
The Village
63.5%
On his first day on the job as a narcotics officer, a rookie cop works with a rogue detective who isn't what he appears as. (2001)
Training Day
60.3%
A man's obsession over his favorite baseball team gets in the way of his relationship with his girlfriend. (2005)
Fever Pitch
58.7%
A computer hacker learns from mysterious rebels about the true nature of his reality and his role in the war against the controllers of it. (1999)
The Matrix
57.7%
A successful, single businesswoman who dreams of having a baby discovers she is infertile and hires a working class woman to be her unlikely surrogate. (2008)
Baby Mama
56.6%
Description
Movie
% Correct
An IRS agent with a fateful secret embarks on an extraordinary journey of redemption by forever changing the lives of seven strangers. (2008)
Seven Pounds
56.1%
In Nazi-
occupied France during World War II, a group of Jewish-
American soldiers spread fear throughout the Third Reich by scalping and brutally killing Nazis. (2009)
Inglourious Basterds
55.6%
A Las Vegas casino magnate, determined to find a new avenue for wagering, sets up a race for 2 million dollars. (2001)
Rat Race
54%
A talented young boy becomes torn between his unexpected love of dance and the disintegration of his family. (2000)
Billy Elliot
49.2%
A sweet-
natured, small-
town guy inherits a controlling stake in a media conglomerate and begins to do business his way. (2002)
Mr. Deeds
48.1%
A professional assassin reluctantly takes care of 12-
year-
old, a neighbor whose parents are killed, and teaches her his trade. (1994)
The Professional
44.4%
The inhabitants of a small Iowa town are suddenly plagued by insanity and then death after a mysterious toxin contaminates their water supply. (2010)
The Crazies
37%
An indie-
rock loving misfit finds a way of dealing with her small-
town misery after she discovers a roller derby league. (2009)
Whip It
36.5%
Two hip detectives protect a murder witness while investigating a case of stolen heroin. (1995)
Bad Boys
34.9%
A phobic con artist and his protégé are on the verge of pulling off a lucrative swindle when the former's teenage daughter arrives unexpectedly. (2003)
Matchstick Men
31.7%
A young boy with stunted growth is convinced that God has a great purpose for him. (1998)
Simon Birch
29.1%
When a criminal mastermind uses a trio of orphan girls as pawns for a grand scheme, he finds himself profoundly changed by the growing love between them. (2010)
Despicable Me
21.7%
Three unconnected New York cops wind up at the same deadly location after enduring vastly different career paths. (2009)
Brooklyn's Finest
18.5%
A group of careless and unlucky drivers are sentenced to attend traffic school to keep their records clean and then rebel against their police officer instructors. (1985)
Moving Violations
5.8%
A dsyfuntional family with nothing in common, find their delicate web of lies disturbed by the arrival of a young ex-
con brought home by the patriarch of the family. (2009)
City Island
2.1%
Quiz Playlist
Details
Report
Send in Message
Add To Playlist
More Info:
All movies listed only have two words in their titles.
Classic:
Type in answers that appear in a list
Last Updated: Feb 16, 2017
Quiz Scoreboard
CHALLENGE
Sign Up to Join the Scoreboard
Show All
Scores
Hide
Comments
May contain spoilers
Recently Published
An Introduction to Baseball
by treessimontrees
Sports
5m
Movies - When Are They Set?
by FPL_Elf
Movies
5m
Popular People in 1961
by mucciniale
History
6m
More to Explore
Quiz From the Vault
Featured Blog Post
Where Did the Easter Bunny Come From?
hide this ad
You Might Also Like...
Tags
Movie Titles Quiz
Today's Top Quizzes in Movies
Browse Movies
hide this ad
Today's Top Quizzes in Movie Titles
Browse Movie Titles
Top Contributed Quizzes in Movies
1
Pick 5 Posters: Directed by Spielberg
2
Multi-Oscar Nominations, One Movie, One Winner
3
12 Movies about Fictional 1960s Events
4
One Thing in Common: Movies
5
Sunday Crossword: Film Score Composers
6
One Thing in Common: Movies II
7
Pick 5 Posters: Lowest-Rated Spielberg
8
Three Word 'H' Movies Match Up
9
Three Word 'T' Movies Match Up
10
7-to-1: Pixar Characters
Explore More
Trending Topics
Kpop
Anime
Crossword
Disney
Harry Potter
Marvel
NBA
Soccer
Song
Pokémon
Country
WWE
The Office
NFL
Puzzle
hide this ad
More By:
edkool7
Quiz
Plays
Rating
Category
Featured
Created
NBA Clickable Trivia 2
21,225
2.15
Sports
Nov 6, 2016
NBA Blitz
6,082
3.90
Sports
Sep 23, 2010
NBA Clickable Trivia
4,371
2.67
Sports
Nov 4, 2016
Titles of Pretty Little Liars Books
2,623
2.80
Literature
Jul 16, 2010
NBA Active 3-Point Leaders
2,427
3.58
Sports
Mar 23, 2011
Go to Creator's Profile
Score Distribution
Quiz Creator Spotlight
edkool7
Follow
Send a Message
Quizzes Created
-
Created Quiz Play Count
-
More By This Creator
Popular Quizzes Today
1
Find the Countries of Europe - No Outlines Minefield
2
Find the US States - No Outlines Minefield
3
The Countries of the World
4
Popular People in 1961
5
US States
6
1-10 Letter E Words III
7
Find the US States
8
One Thing in Common: World Cities II
More Movies Quizzes
Best Pictures Alphabetichronologically
Curator's Pick
Trending Quizzes
Risky Map Clicking: Least Populous States A-Z
1-10 Letter F Words
1-10 Letter G Words
One Thing in Common: United Kingdom
Risky Map Clicking: Next State Alphabetically
Recently Updated
Leaping Animals
pecheneg
Reality TV Shows (A-Z)
bhenderson79
Rickey Henderson's Hall of Fame Teammates
pecheneg
Champions League XIs: Arsenal
pecheneg
Quick Pick: Celebrities in WWE's Hall of Fame
aduchscher
A-Z Keypad Blitz II
pecheneg
Multiple Oscar Actors
pecheneg
Mystery Phrase Blitz: Oscar 'Best Actors'
pecheneg
F. Scott Fitzgerald Novels
LTH
Pick 3 Villains
ddd62291
Trending Topics
Crossword
Anime
Harry Potter
Disney
Marvel
Kpop
NBA
The Office
Country
WWE
Song
NFL
Pokémon
Soccer
Puzzle
Your Account Isn't Verified!
In order to create a playlist on Sporcle, you need to verify the email address you used during registration. Go to your
Sporcle Settings
to finish the process.
Report this User
Report this user for behavior that violates our
Community Guidelines
.
Details:
Send Report
Go to the Sporcle.com Mobile Site →
Comments